Welcome to CU Library Online Public Access Catalogue (OPAC)

Paul, women & wives : (Record no. 8876)

MARC details
000 -LEADER
fixed length control field 01002pam a2200253 a 4500
001 - CONTROL NUMBER
control field 1088233
005 - DATE AND TIME OF LATEST TRANSACTION
control field 20260304140719.0
008 - FIXED-LENGTH DATA ELEMENTS--GENERAL INFORMATION
fixed length control field 920717s1992 mau b 001 0 eng
020 ## - INTERNATIONAL STANDARD BOOK NUMBER
International Standard Book Number 0943575966 :
Terms of availability $9.95
020 ## - INTERNATIONAL STANDARD BOOK NUMBER
International Standard Book Number 9780943575964
050 00 - LIBRARY OF CONGRESS CALL NUMBER
Classification number BS2655.W5
Item number K44 1992
082 00 - DEWEY DECIMAL CLASSIFICATION NUMBER
Classification number 261.83/442
Edition information 20
100 1# - MAIN ENTRY--PERSONAL NAME
Personal name Keener, Craig S.,
Dates associated with a name 1960-
245 10 - TITLE STATEMENT
Title Paul, women & wives :
Remainder of title marriage and women's ministry in the letters of Paul /
Statement of responsibility, etc. Craig S. Keener.
260 ## - PUBLICATION, DISTRIBUTION, ETC.
Place of publication, distribution, etc. Peabody, Mass. :
Name of publisher, distributor, etc. Hendrickson Publishers,
Date of publication, distribution, etc. c1998
300 ## - PHYSICAL DESCRIPTION
Extent xviii, 350 p. ;
Dimensions 22 cm.
650 #0 - SUBJECT ADDED ENTRY--TOPICAL TERM
Topical term or geographic name entry element Women in the Bible.
650 #0 - SUBJECT ADDED ENTRY--TOPICAL TERM
Topical term or geographic name entry element Women in Christianity
General subdivision Biblical teaching.
650 #0 - SUBJECT ADDED ENTRY--TOPICAL TERM
Topical term or geographic name entry element Marriage
General subdivision Biblical teaching.
650 #0 - SUBJECT ADDED ENTRY--TOPICAL TERM
Topical term or geographic name entry element Women in Christianity
General subdivision History
Chronological subdivision Early church, ca. 30-600.
856 42 - ELECTRONIC LOCATION AND ACCESS
Materials specified Publisher description
Uniform Resource Identifier <a href="http://www.loc.gov/catdir/description/hend021/92026515.html">http://www.loc.gov/catdir/description/hend021/92026515.html</a>
856 42 - ELECTRONIC LOCATION AND ACCESS
Materials specified Contributor biographical information
Uniform Resource Identifier <a href="http://www.loc.gov/catdir/enhancements/fy0706/92026515-b.html">http://www.loc.gov/catdir/enhancements/fy0706/92026515-b.html</a>
942 ## - ADDED ENTRY ELEMENTS (KOHA)
Source of classification or shelving scheme Library of Congress Classification
Koha item type Books
Suppress in OPAC No
999 ## -
-- 8876
-- 8876
Holdings
Withdrawn status Lost status Source of classification or shelving scheme Damaged status Not for loan Collection Home library Current library Shelving location Date acquired Total checkouts Full call number Barcode Date last seen Copy number Price effective from Koha item type
    Library of Congress Classification     Non-fiction Business Library (Miotso) Business Library (Miotso) General stacks 03/04/2026   BS2655.W5 K44 1992 BSSM00002432 03/04/2026 1 03/04/2026 Books
© 2023-2024 Copyright: Central University Libraries. All Rights Reserved | Created by: Mahone Tech Office